000 00472nam a2200157 i 4500
001 68248
003 ES-MaACL
005 20230906170232.0
007 t|
008 040611s1969 sp ||||1| spa d
100 1 _aGarcía Abellán, Juan.
_954109
245 1 0 _aDerecho de conflictos colectivos de trabajo /
_cJuan García Abellán.
260 _aMadrid :
_bInstituto de Estudios Políticos,
_c1969.
300 _a404 p. ;
_c21 cm.
852 _aES-MaACL
_jC-38858
_bR.71554
999 _c68248
_d68248